000 00917nam a2200205Ii 4500
003 JO-AjNU
008 230605s9999||||xx |||||||||||||| ||und||
040 _aJO-AjNU
_bara
_erda
_cJO-AjNU
041 _aara
050 1 4 _aPJ6199.I26 1986
100 3 _aتاليف أبي االاجدابي الطرابلسي، أبي إسحق إبراهيم بن إسماعيل بن إحمد بن عبدالله؛ تحقيق وتنسيق عبد الرزاق الهلالي,
_eauthor
_939983
245 0 0 _aكتاب كفاية المتحفظ وغاية المتلفظ في اللغة العربية
250 _aط7
264 3 1 _aبغداد: دار الشؤون الثقافية العامة، 1986
300 _a156ص
336 _atext
_btxt
_2rdacontent
337 _aunmediated
_bn
_2rdamedia
338 _avolume
_bnc
_2rdacarrier
650 4 _aاللغة العربية - الألفاظ - معاني واستعمال
_939984
999 _aA16931
_c20499
_d20499